Les 15 pays qui produisent le plus d'or. - Statistiques

Statistiques générales
  • Ce quiz a été pris 80 fois
  • Le résultat moyen est 9 sur 15
Statistiques - réponses
Production en tonne Pays % Correct
166.7 États-Unis
96%
86.3 Brésil
92%
378.2 Chine
90%
321.8 Russie
89%
126.6 Mexique
85%
293.8 Australie
83%
191.9 Canada
83%
104.3 Afrique du Sud
69%
132.5 Indonésie
58%
128.8 Pérou
51%
86.3 Kazakhstan
45%
119.6 Ouzbékistan
38%
105.0 Mali
34%
135.1 Ghana
20%
98.6 Burkina Faso
15%
Aucun quiz correspondant
Distribution des résultats
% des personnes avec chaque résultat
Percentile par nombre de réponses
Votre historique - résultats
Vous n’avez pas pris ce quiz